Mistrzowie świata Formuły 1 - Statystyki

Ogólne statystyki
  • Ten quiz został rozwiązany 5 666 razy
  • Średni wynik to 14 z 34
Statystyki odpowiedzi
Lata Narodowość Mistrz % Poprawnych
2008, 2014, 2015, 2017, 2018, 2019, 2020 Wielka Brytania Lewis Hamilton
97%
2021, 2022, 2023, 2024 Holandia Max Verstappen
95%
1994, 1995, 2000, 2001, 2002, 2003, 2004 Niemcy Michael Schumacher
85%
2005, 2006 Hiszpania Fernando Alonso
79%
2010, 2011, 2012, 2013 Niemcy Sebastian Vettel
77%
1988, 1990, 1991 Brazylia Ayrton Senna
75%
1982 Finlandia Keke Rosberg
64%
2016 Niemcy Nico Rosberg
64%
2007 Finlandia Kimi Räikkönen
63%
1975, 1977, 1984 Austria Niki Lauda
59%
1985, 1986, 1989, 1993 Francja Alain Prost
56%
2009 Wielka Brytania Jenson Button
56%
1998, 1999 Finlandia Mika Häkkinen
45%
1951, 1954, 1955, 1956, 1957 Argentyna Juan Manuel Fangio
37%
1996 Wielka Brytania Damon Hill
34%
1962, 1968 Wielka Brytania Graham Hill
34%
1961 Stany Zjednoczone Phil Hill
34%
1981, 1983, 1987 Brazylia Nelson Piquet
33%
1997 Kanada Jacques Villeneuve
32%
1992 Wielka Brytania Nigel Mansell
32%
1976 Wielka Brytania James Hunt
28%
1950 Włochy Giuseppe Farina
27%
1952, 1953 Włochy Alberto Ascari
26%
1972, 1974 Brazylia Emerson Fittipaldi
25%
1969, 1971, 1973 Wielka Brytania Jackie Stewart
24%
1959, 1960, 1966 Australia Jack Brabham
21%
1963, 1965 Wielka Brytania Jim Clark
20%
1978 Stany Zjednoczone Mario Andretti
19%
1979 Republika Południowej Afryki Jody Scheckter
17%
1970 Austria Jochen Rindt
16%
1980 Australia Alan Jones
15%
1958 Wielka Brytania Mike Hawthorn
13%
1967 Nowa Zelandia Denny Hulme
12%
1964 Wielka Brytania John Surtees
12%
Nie znaleziono quizów pasujących do podanych kryteriów
Rozkład punktacji
Procent ludzi z każdym wynikiem
Percentyl według liczby udzielonych odpowiedzi
Twoja historia wyników
Nie rozwiązałeś tego quizu